|
|
|
|
| LEADER |
00000nab a2200000 4500 |
| 001 |
vtls011768904 |
| 003 |
SK-MaSNL |
| 005 |
20260303082329.0 |
| 008 |
180725 2018 xo 000 0 eng |
| 015 |
|
|
|a SNBRB2018/07
|2 LMAOSK
|
| 040 |
|
|
|a LMAOSK
|b slo
|e rda
|
| 041 |
0 |
|
|a eng
|
| 044 |
|
|
|a xo
|c SK
|
| 072 |
|
7 |
|a 355/359
|x Vojenstvo. Obrana krajiny. Ozbrojené sily
|2 konspekt
|
| 080 |
|
|
|a 355.02
|2 2011
|
| 080 |
|
|
|a (046)
|2 2011
|
| 080 |
|
|
|a 351.74
|2 2011
|
| 100 |
1 |
|
|a Rozwadowski, Mariusz
|4 aut
|9 1087062
|
| 245 |
1 |
0 |
|a Actions of police and local authorities affecting improvement
|c Mariusz Rozwadowski
|
| 336 |
|
|
|a text
|b txt
|2 rdacontent
|
| 337 |
|
|
|a bez média
|b n
|2 rdamedia
|
| 338 |
|
|
|a zväzok
|b nc
|2 rdacarrier
|
| 500 |
|
|
|a Biografické údaje
|
| 504 |
|
|
|a Bibliografické odkazy
|
| 650 |
0 |
7 |
|a národná bezpečnosť
|2 SNKPH
|9 78003
|
| 650 |
0 |
7 |
|a polícia
|2 SNKPH
|9 1673
|
| 655 |
|
7 |
|a články
|2 SNKPH
|9 70601
|
| 773 |
0 |
|
|t Science & Military
|g Roč. 13, č. 1 (2018), s. 38-43
|x 1336-8885
|
| 852 |
|
|
|a LMAOSK
|b KIS3GCP
|
| 856 |
4 |
1 |
|u http://sm.aos.sk/images/dokumenty/archiv_cisel/1_2018/Article6.pdf
|
| 958 |
|
|
|a NB
|
| 999 |
|
|
|c 1787561
|d 1789491
|